000 00591cam a2200193 4500500
005 20260405003301.0
041 _afre
042 _adc
100 1 0 _aPortevin, Catherine
_eauthor
245 0 0 _aAutobiographie d’un poulpe et autres récits d’anticipation
260 _c2021.
500 _a89
690 _aAnimal
690 _aPoulpe
690 _aRelations
690 _aVivant
786 0 _nPhilosophie magazine | 149 | 5 | 2021-05-01 | p. 73-75 | 1951-1787
856 4 1 _uhttps://shs.cairn.info/magazine-philosophie-magazine-2021-5-page-73?lang=fr&redirect-ssocas=7080
999 _c2066113
_d2066113